MACHINE LEARNING FOR NETWORKING / (Record no. 587589)

000 -LEADER
fixed length control field 00327nam a22001337a 4500
020 ## - INTERNATIONAL STANDARD BOOK NUMBER
Qualifying information PB.
040 ## - CATALOGING SOURCE
Transcribing agency FIZZA ISHAQ
082 ## - DEWEY DECIMAL CLASSIFICATION NUMBER
Classification number 004.6
Author Mark ERI
100 ## - MAIN ENTRY--PERSONAL NAME
Personal name PAUL, RENAULT ERIC.
9 (RLIN) 88352
245 ## - TITLE STATEMENT
Title MACHINE LEARNING FOR NETWORKING /
Statement of responsibility, etc. ERIC RENAULT PAUL.
260 ## - PUBLICATION, DISTRIBUTION, ETC.
Name of publisher, distributor, etc. SPRINGER,
Date of publication, distribution, etc. 2019.
300 ## - PHYSICAL DESCRIPTION
Extent 388 P. ;
942 ## - ADDED ENTRY ELEMENTS (KOHA)
Source of classification or shelving scheme
Koha item type Book
Holdings
Withdrawn status Lost status Source of classification or shelving scheme Damaged status Not for loan Permanent Location Current Location Date acquired Total Checkouts Full call number Barcode Date last seen Price effective from Koha item type
          NUST Baluchistan Campus (NBC) NUST Baluchistan Campus (NBC) 01/13/2022   004.6 ERI Q-2296 01/13/2022 01/13/2022 Book
© 2023 Central Library, National University of Sciences and Technology. All Rights Reserved.